Religión : 1º primaria : propuesta didáctica

Gespeichert in:
Bibliographische Detailangaben
Weitere Verfasser: Olóriz, Jesús
Format: Buch
Sprache:Spanisch
Erschienen: Zaragoza : Edelvives, D. L. 2001
Katalog:MANES:  Suchergebnis im Bibliothekskatalog
Schulbuchspezifische Eigenschaften:
Schriftenreihe:Proyecto Cometa Mágica
Schlagworte:
Tags: Tag hinzufügen
Keine Tags, Fügen Sie den ersten Tag hinzu!
Hinzugefügt zu:15.01.2008
Geändert in:07.05.2025

MARC

LEADER 00000cam a2200000 4500
005 20250507134414.0
008 080116s2001 sp a 000 0 spa d
020 |a 8426344127 
040 |a uned  |b spa  |c entro-manes 
245 0 0 |a Religión :   |b 1º primaria : propuesta didáctica /   |c coordinación, Jesús Olóriz ; autores, Jesus Olóriz ... [et al.] 
260 |a Zaragoza :   |b Edelvives,   |c D. L. 2001 
300 |a 95 p. :   |b il. 
490 0 |a Proyecto Cometa Mágica 
500 |a En la cub.: Muestra gratuita 
546 |a España 
561 |5 es-BUNED  |3 L.T.M. 1648  |a España. Fondo Manes UNED  |k MANES 
690 0 |a RyM 
650 7 |a Manual del docente  |9 36315  |a Enseñanza religiosa 
691 0 |a PRI 
700 1 |a Olóriz, Jesús  |9 37721 
942 |2 ddc  |c BK 
999 |c 93721  |d 93721 
999 |c manes:93721  |d 93721